Principios de administración financiera
-д хадгалсан:
| Үндсэн зохиолч: | |
|---|---|
| Формат: | Ном |
| Хэл сонгох: | испани |
| Хэвлэсэн: |
Ciudad de México
Pearson Educación
2007
|
| Хэвлэл: | 11a. ed |
| Нөхцлүүд: | |
| Шошгууд: |
Шошго нэмэх
Шошго байхгүй, Энэхүү баримтыг шошголох эхний хүн болох!
|
MARC
| LEADER | 00000nam a2200000 a 4500 | ||
|---|---|---|---|
| 001 | UCI9960 | ||
| 003 | CL-VaPUC | ||
| 008 | 081218e20070000MX |||||||||||||||||spa|d | ||
| 020 | |a 9789702610144 | ||
| 082 | 0 | 4 | |a 658.15 |b GIT |2 21 |
| 100 | |a Gitman, Lawrence J |e author |9 534003 | ||
| 245 | 1 | 0 | |a Principios de administración financiera |
| 250 | |a 11a. ed | ||
| 300 | |a 580 p | ||
| 942 | |c BK | ||
| 945 | |d 20081218 00:00:00 |a jtorresc | ||
| 260 | |a Ciudad de México |b Pearson Educación |c 2007 | ||
| 650 | 0 | |a Administración financiera |9 261146 | |
| 650 | 0 | |a Economía financiera |9 359635 | |
| 650 | 0 | |a Operaciones financieras |9 378395 | |
| 650 | 0 | |a Planificación estratégica |9 259735 | |
| 650 | 0 | |a Toma de decisiones |9 257530 | |
| 650 | 0 | |a Capital |9 263726 | |
| 583 | |a last modification |c 20081218 00:00:00 |k Rodrigo Vera | ||
| 999 | |c 332385 |d 332383 | ||
| 952 | |0 0 |1 0 |4 0 |6 658_150000000000000_GIT_2007 |7 0 |8 A |9 420026 |a BIBGIM |b BIBGIM |d 2019-11-22 |i 4507967 |l 1 |o 658.15 GIT 2007 |p 4507967 |r 2021-11-15 |s 2020-08-03 |w 2019-11-22 |y BK |k COM | ||
| 952 | |0 0 |1 0 |4 0 |6 658_150000000000000_GIT_2007 |7 0 |8 A |9 420027 |a BIBENE |b BIBENE |d 2019-11-22 |i 4521323 |o 658.15 GIT 2007 |p 4521323 |r 2025-01-15 |w 2019-11-22 |y BK |k ICO | ||
| 952 | |0 0 |1 0 |4 0 |6 658_150000000000000_GIT_2007 |7 0 |8 A |9 420028 |a BIBGIM |b BIBGIM |d 2019-11-22 |i 463117K |o 658.15 GIT 2007 |p 463117K |r 2025-01-15 |w 2019-11-22 |y BK |k COM | ||
| 952 | |0 0 |1 0 |4 0 |6 658_150000000000000_GIT_2007 |7 0 |8 A |9 420029 |a BIBGIM |b BIBGIM |d 2019-11-22 |i 4631188 |o 658.15 GIT 2007 |p 4631188 |r 2025-01-15 |w 2019-11-22 |y BK |k COM | ||
| 952 | |0 0 |1 0 |4 0 |6 658_150000000000000_GIT_2007 |7 0 |8 A |9 420030 |a BIBGIM |b BIBGIM |d 2019-11-22 |i 4631196 |o 658.15 GIT 2007 |p 4631196 |r 2025-01-15 |w 2019-11-22 |y BK |k COM | ||
| 952 | |0 0 |1 0 |4 0 |6 658_150000000000000_GIT_2007 |7 0 |8 A |9 420031 |a BIBGIM |b BIBGIM |d 2019-11-22 |i 463120K |l 3 |o 658.15 GIT 2007 |p 463120K |r 2025-01-15 |s 2024-03-22 |w 2019-11-22 |y BK |k COM | ||